<?xml version="1.0" encoding="UTF-8"?>
<record
    xmlns:xsi="http://www.w3.org/2001/XMLSchema-instance"
    xsi:schemaLocation="http://www.loc.gov/MARC21/slim http://www.loc.gov/standards/marcxml/schema/MARC21slim.xsd"
    xmlns="http://www.loc.gov/MARC21/slim">

  <leader>00742cam a22002171  4500</leader>
  <controlfield tag="001">sa 63003204 </controlfield>
  <controlfield tag="003">DLC</controlfield>
  <controlfield tag="005">20260227111940.0</controlfield>
  <controlfield tag="008">891016s1962    ii            000 0 hino </controlfield>
  <datafield tag="010" ind1=" " ind2=" ">
    <subfield code="a">sa 63003204 </subfield>
  </datafield>
  <datafield tag="035" ind1=" " ind2=" ">
    <subfield code="a">(OCoLC)20498019</subfield>
  </datafield>
  <datafield tag="040" ind1=" " ind2=" ">
    <subfield code="a">DLC</subfield>
    <subfield code="c">WaU</subfield>
    <subfield code="d">NRU</subfield>
    <subfield code="d">DLC</subfield>
  </datafield>
  <datafield tag="042" ind1=" " ind2=" ">
    <subfield code="a">premarc</subfield>
  </datafield>
  <datafield tag="050" ind1="0" ind2="0">
    <subfield code="a">PK2095.M3</subfield>
    <subfield code="b">J32 1962b</subfield>
  </datafield>
  <datafield tag="100" ind1="0" ind2=" ">
    <subfield code="a">Malik Muhammad Jayasi,</subfield>
    <subfield code="d">active 1540.</subfield>
  </datafield>
  <datafield tag="245" ind1="1" ind2="0">
    <subfield code="a">J&#x101;yas&#x12B; granth&#x101;val&#x12B; sa&#x1E6D;&#x12B;ka;</subfield>
    <subfield code="b">Padm&#x101;vata sa&#x1E6D;ika, sa&#x1E6D;ippa&#x1E47;a tath&#x101; Akhar&#x101;va&#x1E6D;a, &#x100;khir &#x12B; Kal&#x101;ma aura Mahar&#x12B; B&#x101;&#x12B;s&#x12B; kevala mula.</subfield>
    <subfield code="c">Vy&#x101;khy&#x101;k&#x101;ra &#x15A;r&#x12B;niv&#x101;sa &#x15A;arm&#x101;.</subfield>
  </datafield>
  <datafield tag="260" ind1=" " ind2=" ">
    <subfield code="a">Dill&#x12B;,</subfield>
    <subfield code="b">A&#x15B;oka Prak&#x101;&#x15B;ana</subfield>
    <subfield code="c">[1962]</subfield>
  </datafield>
  <datafield tag="300" ind1=" " ind2=" ">
    <subfield code="a">672 p.</subfield>
    <subfield code="c">19 cm.</subfield>
  </datafield>
  <datafield tag="500" ind1=" " ind2=" ">
    <subfield code="a">In Hindi.</subfield>
  </datafield>
  <datafield tag="700" ind1="1" ind2=" ">
    <subfield code="a">&#x15A;arm&#x101;, &#x15A;r&#x12B;niv&#x101;sa,</subfield>
    <subfield code="d">1933-</subfield>
  </datafield>
  <datafield tag="999" ind1=" " ind2=" ">
    <subfield code="c">54946</subfield>
    <subfield code="d">54946</subfield>
  </datafield>
</record>
